Obras de don Luis de Góngora : manuscrito Chacón : homenaje a Dámaso Alonso.

Bibliographic Details
Main Author: Góngora y Argote, Luis de, 1561-1627
Other Authors: Chacón y Ponce de León, Antonio, 1590-, Alonso, Dámaso, 1898-1990
Format: Book
Language:Spanish
Published: [Madrid] : [Ronda, Málaga, Spain] : Real Academia Española ; Caja de Ahorros de Ronda, [1991]
Edition:Ed. facsímil.
Series:Biblioteca de los clásicos ; 3.
Subjects:

MARC

Tag First Indicator Second Indicator Subfields
LEADER 00000cam a2200000 a 4500
001 in00002000706
005 20151031123023.0
008 930921r19911628sp a b 001 0 spa
010 |a  93208887  
020 |a 846060196X (obra completa) 
020 |a 8460600513 (t. 1) 
020 |a 8460601951 (t. 2) 
020 |a 8460601943 (t. 3) 
035 |a (OCoLC)ocm27392561 
040 |a DLC  |c DLC  |d I5B  |d OCLCQ  |d TXA  |d UtOrBLW 
049 |a TXAM 
050 0 0 |a PQ6394  |b .A1235 1991 
082 0 0 |a 861/.3  |2 20 
100 1 |a Góngora y Argote, Luis de,  |d 1561-1627. 
240 1 0 |a Works.  |k Selections.  |f 1991 
245 1 0 |a Obras de don Luis de Góngora :  |b manuscrito Chacón : homenaje a Dámaso Alonso. 
250 |a Ed. facsímil. 
264 1 |a [Madrid] :  |b Real Academia Española ;  |a [Ronda, Málaga, Spain] :  |b Caja de Ahorros de Ronda,  |c [1991] 
300 |a 3 volumes :  |b illustrations ;  |c 28 cm. 
336 |a text  |b txt  |2 rdacontent 
337 |a unmediated  |b n  |2 rdamedia 
338 |a volume  |b nc  |2 rdacarrier 
490 1 |a Biblioteca de los clásicos ;  |v 3 
500 |a Reproduced from the mss. held in the Biblioteca Nacional de Madrid (Mss. Res. 45, 45 bis., and 46) with a dedicatory letter, dated Dec. 12, 1628, signed by its compiler Antonio Chacón y Ponce de León. 
504 |a Includes bibliographical references and index. 
505 0 |a Vol. 1. Introducción de Dámaso Alonso ; prefacio de Pere Gimferrer; vol. 2. Introducción de Manuel Sánchez Mariana; vol. 3. Introducción de Antonio Carreira. 
536 |a From the Biblioteca Asensio. April, 2004. 
600 1 0 |a Góngora y Argote, Luis de,  |d 1561-1627  |v Manuscripts  |v Facsimiles. 
650 0 |a Manuscripts, Spanish  |v Facsimiles. 
700 1 |a Chacón y Ponce de León, Antonio,  |d 1590- 
700 1 |a Alonso, Dámaso,  |d 1898-1990. 
740 0 |a Manuscrito Chacón. 
740 0 |a Homenaje a Dámaso Alonso. 
830 0 |a Biblioteca de los clásicos ;  |v 3. 
938 |a Iberbook International S.L.  |b IBER  |n 7085  |c P14000 
994 |a E0  |b TXA 
948 |a cataloged  |b h  |c 2004/10/13  |d c  |e bwalker  |f 1:17:29 pm 
999 |a MARS 
999 f f |s 1e7776f7-839e-380b-89f9-34b8881bd309  |i 9e2d356b-da0a-3bf3-af10-45f32082c287  |t 0 
952 f f |p ric  |a Texas A&M University  |b Rellis Campus  |c Joint Library Facility  |d Remote Storage  |t 0  |e PQ6394 .A1235 1991  |h Library of Congress classification  |i unmediated -- volume  |k no.1  |m A14831355663 
952 f f |p ric  |a Texas A&M University  |b Rellis Campus  |c Joint Library Facility  |d Remote Storage  |t 0  |e PQ6394 .A1235 1991  |h Library of Congress classification  |i unmediated -- volume  |k no.2  |m A14831355671 
998 f f |a PQ6394 .A1235 1991  |s no.1-2  |t 0  |l Remote Storage